<?xml version="1.0" encoding="UTF-8"?>
<collection xmlns="http://www.loc.gov/MARC21/slim">
 <record>
  <leader>01563oam2a2200313   4500</leader>
  <controlfield tag="001">in00000004148</controlfield>
  <controlfield tag="005">20230404180453.0</controlfield>
  <datafield tag="010" ind1=" " ind2=" ">
   <subfield code="a">978-7-5495-5511-6</subfield>
   <subfield code="b">精装</subfield>
   <subfield code="d">CNY88.00</subfield>
  </datafield>
  <datafield tag="035" ind1=" " ind2=" ">
   <subfield code="a">007583948</subfield>
  </datafield>
  <datafield tag="100" ind1=" " ind2=" ">
   <subfield code="a">20141230d2014    em y0chiy50      ea</subfield>
  </datafield>
  <datafield tag="101" ind1="1" ind2=" ">
   <subfield code="a">chi</subfield>
   <subfield code="c">eng</subfield>
  </datafield>
  <datafield tag="102" ind1=" " ind2=" ">
   <subfield code="a">CN</subfield>
   <subfield code="b">450000</subfield>
  </datafield>
  <datafield tag="105" ind1=" " ind2=" ">
   <subfield code="a">y   z   001yy</subfield>
  </datafield>
  <datafield tag="106" ind1=" " ind2=" ">
   <subfield code="a">r</subfield>
  </datafield>
  <datafield tag="200" ind1="1" ind2=" ">
   <subfield code="a">政治秩序的起源</subfield>
   <subfield code="9">zheng zhi zhi xu de qi yuan</subfield>
   <subfield code="e">从前人类时代到法国大革命</subfield>
   <subfield code="d">The origins of political order</subfield>
   <subfield code="e">From prehuman times to the French Revolution</subfield>
   <subfield code="f">(美)弗朗西斯·福山(Francis Fukuyama)著</subfield>
   <subfield code="g">毛俊杰译</subfield>
   <subfield code="z">eng</subfield>
  </datafield>
  <datafield tag="205" ind1=" " ind2=" ">
   <subfield code="a">2版</subfield>
  </datafield>
  <datafield tag="210" ind1=" " ind2=" ">
   <subfield code="a">桂林</subfield>
   <subfield code="c">广西师范大学出版社</subfield>
   <subfield code="d">2014</subfield>
  </datafield>
  <datafield tag="215" ind1=" " ind2=" ">
   <subfield code="a">11,548页</subfield>
   <subfield code="d">23cm</subfield>
  </datafield>
  <datafield tag="225" ind1="1" ind2=" ">
   <subfield code="a">理想国译丛</subfield>
   <subfield code="v">005</subfield>
  </datafield>
  <datafield tag="300" ind1=" " ind2=" ">
   <subfield code="a">获理想国文化发展基金会赞助支持</subfield>
  </datafield>
  <datafield tag="330" ind1=" " ind2=" ">
   <subfield code="a">本书把对政治秩序的探讨向前延伸到人类的灵长目祖先，然后依次讲述人类部落社会的出现，第一个现代国家在中国的生长，法治在印度和中东的开始，一直到法国大革命前夕问责制政府在欧洲的发展。</subfield>
  </datafield>
  <datafield tag="461" ind1=" " ind2="0">
   <subfield code="1">2001 </subfield>
   <subfield code="a">理想国译丛</subfield>
  </datafield>
  <datafield tag="510" ind1="1" ind2=" ">
   <subfield code="a">Origins of political order</subfield>
   <subfield code="e">from prehuman times to the French Revolution</subfield>
   <subfield code="z">eng</subfield>
  </datafield>
  <datafield tag="517" ind1="1" ind2=" ">
   <subfield code="a">从前人类时代到法国大革命</subfield>
   <subfield code="9">cong qian ren lei shi dai dao fa guo da ge ming</subfield>
  </datafield>
  <datafield tag="606" ind1="0" ind2=" ">
   <subfield code="a">政治制度史</subfield>
   <subfield code="y">世界</subfield>
  </datafield>
  <datafield tag="690" ind1=" " ind2=" ">
   <subfield code="a">D59</subfield>
   <subfield code="v">5</subfield>
  </datafield>
  <datafield tag="701" ind1=" " ind2="0">
   <subfield code="c">(美)</subfield>
   <subfield code="a">福山</subfield>
   <subfield code="9">fu shan</subfield>
   <subfield code="c">(Fukuyama, Francis)</subfield>
   <subfield code="4">著</subfield>
  </datafield>
  <datafield tag="702" ind1=" " ind2="0">
   <subfield code="a">毛俊杰</subfield>
   <subfield code="9">mao jun jie</subfield>
   <subfield code="f">(1952-)</subfield>
   <subfield code="4">译</subfield>
  </datafield>
  <datafield tag="999" ind1="f" ind2="f">
   <subfield code="s">e785fa78-5133-4577-84f1-ca32859f8787</subfield>
   <subfield code="i">1efd00ee-be15-4a5c-b062-55b9f16314b0</subfield>
  </datafield>
 </record>
</collection>
